000 00304nam a22001217a 4500
008 170405b xxu||||| |||| 00| 0 eng d
041 _aeng
080 _a 574
100 _a9
101 _aSHM
245 _aSOIL WATER AND CROP GROWTH PROCESSES IN A FARMER;S FIELD
_cNAMBUTHIRI, S.S
942 _2udc
_cBK
999 _c9830
_d9830